| 000 | 00000nam##2200000za#4500 |
| 001 | 9.647140 |
| 003 | CaOODSP |
| 005 | 20200401055637 |
| 007 | ta |
| 008 | 150407|1998||||xxc||||| f|0| 0 eng|d |
| 020 | |a0-662-27289-7 |
| 040 | |aCaOODSP|beng |
| 043 | |an-cn--- |
| 086 | 1 |aC2-370/1998E |
| 110 | 1 |aCanada. |bIndustry Canada. |
| 245 | 10|aDatabase protection and Canadian laws: state of law as of June 15, 1998 / |cby Robert Howell. |
| 260 | |aOttawa - Ontario : |bIndustry Canada |c1998. |
| 300 | |axvi, 99p. ; |c28 cm. |
| 500 | |a"This study considers the legal protection of databases (traditional and new media) in Canada and comparatively with protections available or proposed in the United States and the European Union. It represents the initial stage preliminary to the development of a database protection policy for Canada... The need for a database protection policy arises from recent legal and policy developments within Canada and internationally. These developments are detailed in the study and include the possibility of an international treaty or guidelines on database protection developed under the auspices of the World Intellectual Property Organization."--Page vii. |
| 520 | 3 |aThis study considers the legal protection of databases (traditional and new media) in Canada and comparatively with protections available or proposed in the United States and the European Union. It represents the initial stage preliminary to the development of a database protection policy for Canada... The need for a database protection policy arises from recent legal and policy developments within Canada and internationally. These developments are detailed in the study and include the possibility of an international treaty or guidelines on database protection developed under the auspices of the World Intellectual Property Organization.--Page vii |
| 563 | |aRing binding |
| 590 | |a98-43|b1998-10-23 |
| 690 | 07|aDatabases|2gcpds |
| 690 | 07|aInformation management|2gcpds |
| 720 | 1 |aHowell, Robert |
| 775 | 08|tProtection des bases de données et droit canadien: état du droit en date du 15 juin 1998 / |w(CaOODSP)9.680577 |
| 776 | 0#|tDatabase protection and Canadian laws : |w(CaOODSP)9.695128 |